New dictionary of thoughts : A cyclopedia of quotations (Record no. 1327649)

MARC details
000 -LEADER
fixed length control field 00523nam a2200181Ia 4500
005 - DATE AND TIME OF LATEST TRANSACTION
control field 20250508151118.0
008 - FIXED-LENGTH DATA ELEMENTS--GENERAL INFORMATION
fixed length control field 008 250505s9999 xx 000 0 eng d
037 ## - SOURCE OF ACQUISITION
Stock number Reference
040 ## - CATALOGING SOURCE
Original cataloging agency FEDL
Language of cataloging eng
Transcribing agency FEDL
041 ## - LANGUAGE CODE
Language code of text/sound track or separate title eng
Source of code eng
084 ## - COLON CLASSIFICATION NUMBER
Classification number 808.8, EDW
Assigning agency FEDL
100 ## - MAIN ENTRY--PERSONAL NAME
Personal name Edwards Tryon
245 #0 - TITLE STATEMENT
Title New dictionary of thoughts : A cyclopedia of quotations
260 ## - PUBLICATION, DISTRIBUTION, ETC.
Place of publication, distribution, etc. New York, USA
Name of publisher, distributor, etc. Standard Book Company
Date of publication, distribution, etc. 1953
300 ## - PHYSICAL DESCRIPTION
Extent xxxv,746p.
942 ## - ADDED ENTRY ELEMENTS (KOHA)
Koha item type Reference
Classification part 808.8, EDW
Holdings
Withdrawn status Lost status Damaged status Not for loan Home library Current library Date acquired Total Checkouts Full call number Barcode Date last seen Price effective from Koha item type
        Department of Education Library Department of Education Library 2025-05-08   808.8, EDW EL0007570 2025-05-08 2025-05-08 Reference
Copyright @ Delhi University Library System